000
00326nam a2200157Ia 4500
100
_a
Schildt/Herbert
650
_a
C#
942
_c
BK
366
_f
25
245
_a
Complete Reference C# 3.0
260
_b
Tata McGraw Hil
_c
2009
082
_a
5.133
_b
SCH
300
_a
886
546
_a
ENGLISH
_c
production
999
_c
34525
_d
34525